| 000 | 00640nam a2200241Ia 4500 | ||
|---|---|---|---|
| 008 | 160216s9999 xx 000 0 und d | ||
| 020 | _a007-123840-9 | ||
| 050 | _aComSc QA 76.758 | ||
| 050 | _b.P74 2005 | ||
| 100 | _aPressman, Roger | ||
| 245 | _aSoftware engineering : | ||
| 245 | _ba practitioner's approach / | ||
| 245 | _cRoger S. Pressman. | ||
| 250 | _a6th Edition | ||
| 260 | _aNew York : | ||
| 260 | _bMcGraw-Hill. | ||
| 260 | _c2005 | ||
| 300 | _a912 pages : | ||
| 300 | _bill. (some col.) ; | ||
| 300 | _c24 cm. | ||
| 500 | _aIncludes bibliographical references and index. | ||
| 650 | _aSoftware engineering. | ||
| 999 |
_c290831 _d290831 |
||